Denuncia de ilegitimidad : (Registro nro. 6176)
[ vista simple ]
| 000 -LEADER | |
|---|---|
| fixed length control field | 01151nabaa22001937a 4500 |
| 003 - CONTROL NUMBER IDENTIFIER | |
| control field | OSt |
| 005 - DATE AND TIME OF LATEST TRANSACTION | |
| control field | 20260123232621.0 |
| 008 - FIXED-LENGTH DATA ELEMENTS--GENERAL INFORMATION | |
| fixed length control field | 190701b xxu||||| |||| 00| 0 spa d |
| 040 ## - CATALOGING SOURCE | |
| Transcribing agency | PJ |
| 100 ## - MAIN ENTRY--PERSONAL NAME | |
| 9 (RLIN) | 6917 |
| Personal name | Novik, Yanet Paula |
| 245 10 - TITLE STATEMENT | |
| Title | Denuncia de ilegitimidad : |
| Remainder of title | ¿herramienta que permite una verdadera defensa del administrado? / |
| Statement of responsibility, etc | Yanet Paula Novik. |
| 300 ## - PHYSICAL DESCRIPTION | |
| Extent | p. 73-81 |
| 500 ## - GENERAL NOTE | |
| General note | Cita: TR LALEY AR/DOC/1110/2024 |
| 505 ## - FORMATTED CONTENTS NOTE | |
| Formatted contents note | Sumario: I. Introducción.— II. Actos administrativos. Definición.— III. Agotamiento de la vía administrativa.— IV. Análisis breve de la figura de la denuncia de ilegitimidad.— V. El derecho de defensa, una herramienta para promover la igualdad.— VI. Jurisprudencia argentina respecto a la habilitación de la instancia judicial tras la resolución de la denuncia de ilegitimidad.— VII. Conclusión. |
| 505 ## - FORMATTED CONTENTS NOTE | |
| Title | ¿Te interesa el texto completo? Comunicate al correo: koha@justierradelfuego.gov.ar |
| 650 #0 - SUBJECT ADDED ENTRY--TOPICAL TERM | |
| 9 (RLIN) | 211 |
| Topical term or geographic name as entry element | DERECHO ADMINISTRATIVO |
| 773 0# - HOST ITEM ENTRY | |
| Host Biblionumber | 2842 |
| Host Itemnumber | 3251 |
| Place, publisher, and date of publication | Buenos Aires : AbeledoPerrot, 2012- |
| Other item identifier | DA121 |
| Title | Derecho administrativo. Nº 153 mayo/junio 2024 |
| International Standard Book Number | 18510590 |
| 942 ## - ADDED ENTRY ELEMENTS (KOHA) | |
| Source of classification or shelving scheme | |
| Koha item type | Analítica Artículo de Revista |
No hay ítems disponibles.
